LEADER 01154nam 2200397 450 001 9910480506703321 005 20200825105710.0 010 $a84-1324-379-3 035 $a(CKB)4100000011778447 035 $a(MiAaPQ)EBC6484042 035 $a(Au-PeEL)EBL6484042 035 $a(OCoLC)1239982083 035 $a(MiAaPQ)EBC6774913 035 $a(EXLCZ)994100000011778447 100 $a20200825d2019 uy 0 101 0 $aspa 135 $aurcnu|||||||| 181 $ctxt$2rdacontent 182 $cc$2rdamedia 183 $acr$2rdacarrier 200 00$aEmprendimiento e innovacio?n $eoportunidades para todos /$feditado por Ezequiel Herruzo-Go?mez [y otros 3] 210 1$aMadrid :$cDykinson,$d2019. 215 $a1 online resource (920 pages) 606 $aEntrepreneurship 606 $aEmprendimiento 608 $aLibros electronicos. 615 0$aEntrepreneurship. 615 4$aEmprendimiento. 676 $a658.421 702 $aHerruzo-Go?mez$b Ezequiel 801 0$bFINmELB 801 1$bFINmELB 906 $aBOOK 912 $a9910480506703321 996 $aEmprendimiento e innovacio?n$92293649 997 $aUNINA LEADER 01321nam 22003613 450 001 996687882703316 005 20260120080252.0 010 $a9783748963905 035 $a(CKB)42967382500041 035 $a(MiAaPQ)EBC32494526 035 $a(Au-PeEL)EBL32494526 035 $a(EXLCZ)9942967382500041 100 $a20260120d2025 uy 0 101 0 $ager 135 $aur||||||||||| 181 $ctxt$2rdacontent 182 $cc$2rdamedia 183 $acr$2rdacarrier 200 10$aSoziale Herkunft, Karrierewege und Entscheidungspraxis in der Sozialgerichtsbarkeit $eSoziologische und Rechtswissenschaftliche Beiträge 205 $a1st ed. 210 1$aBaden-Baden :$cNomos Verlagsgesellschaft,$d2025. 210 4$d©2025. 215 $a1 online resource (254 pages) 311 08$a9783756036240 330 $aWie beeinflusst soziale Herkunft Karrierewege und Entscheidungspraxis von Richter:innen?Der Band fokussiert auf die Sozialgerichtsbarkeit als Ort, an dem gesellschaftliche Ungleichheit auf juristische Verfahren trifft. 700 $aWelti$b Felix$0611399 801 0$bMiAaPQ 801 1$bMiAaPQ 801 2$bMiAaPQ 906 $aBOOK 912 $a996687882703316 996 $aSoziale Herkunft, Karrierewege und Entscheidungspraxis in der Sozialgerichtsbarkeit$94528407 997 $aUNISA